00356nam a2200133Ia 450000500170000000800410001702000180005804000110007608200150008710000210010224500260012326000510014930000220020020241022141957.0231207s9999 xx 000 0 und d a9780520214699 cNCA-PK a709.2bTSU aTsujimoto, Karen 4aThe art of Joan Brown bUniversity of California PressaBerkeleyc1998 axxxv, 272p.; ills